Konrád Bitschins Paedagogik [Pedagogik] das vierte Buch des encyklopaedischen [encyklopädischen] Werkes : De vita coniugali /

Elmentve itt :
Bibliográfiai részletek
Szerzők: Galle Rudolf
Bitschin Konrad
Dokumentumtípus: Cikk
Megjelent: 1906
Sorozat:Magyar pedagógia : a Magyar Tudományos Akadémia Pedagógiai Bizottságának folyóirata 15
Kulcsszavak:Neveléstörténet német 15. sz., Pedagógia német középkor, Pedagógia
Online Access:http://misc.bibl.u-szeged.hu/8233
LEADER 00830nab a2200193 i 4500
001 misc8233
005 20191106143930.0
008 170607s1906 hu o 0|| hun d
022 |a 0025-0260 
040 |a SZTE Miscellanea Repozitórium  |b hun 
041 |a hun 
100 1 |a Galle Rudolf 
245 1 0 |a Konrád Bitschins Paedagogik [Pedagogik]   |h [elektronikus dokumentum] :  |b das vierte Buch des encyklopaedischen [encyklopädischen] Werkes : De vita coniugali /  |c  Galle Rudolf 
260 |c 1906 
300 |a 572-574 
490 0 |a Magyar pedagógia : a Magyar Tudományos Akadémia Pedagógiai Bizottságának folyóirata  |v 15 
695 |a Neveléstörténet német 15. sz., Pedagógia német középkor, Pedagógia 
700 0 1 |a Bitschin Konrad  |e aut 
856 4 0 |u http://misc.bibl.u-szeged.hu/8233/1/mp_1906_1151_572-574.pdf  |z Dokumentum-elérés